[Event "24. European Club Cup 2008 Femenino"]
[Site "Kallithea GRE"]
[Date "2008.10.20"]
[Round "4.8"]
[White "Skogvall, Martina"]
[Black "Weigel, Marie"]
[Result "1/2-1/2"]
[WhiteElo "2130"]
[BlackElo "1865"]
[PlyCount "104"]
[EventDate "2008.10.17"]
[EventType "team-tourn"]
[EventRounds "7"]
[EventCountry "GRE"]
[Source "lmi"]
[SourceDate "2008.10.17"]
[WhiteTeam "Gross-Lehna"]
[BlackTeam "Vandoeucre"]

1. e4 c5 2. Nf3 e6 3. d4 cxd4 4. Nxd4 a6 5. Bd3 Qc7 6. O-O Nf6 7. Bg5 Be7 8. c3
Nc6 9. Kh1 b5 10. f4 d6 11. Nd2 Bb7 12. a4 Qb6 13. axb5 Nxd4 14. bxa6 Bc6 15.
cxd4 Qxd4 16. Qc2 Rc8 17. Nf3 Qb6 18. e5 Nd5 19. a7 Nb4 20. Qd2 Nxd3 21. Qxd3
Bxg5 22. exd6 Ra8 23. fxg5 Bxf3 24. d7+ Ke7 25. Qxf3 Rhf8 26. Qa3+ Qd6 27.
Qxd6+ Kxd6 28. Rfd1+ Kc7 29. Kg1 Rfd8 30. Kf2 Rxd7 31. Rxd7+ Kxd7 32. Ra6 Kc7
33. Ke3 Kb7 34. Rd6 Rxa7 35. Rd7+ Kb6 36. Rxa7 Kxa7 37. Kd4 Kb6 38. g4 Kb5 39.
h4 Kb4 40. Ke5 g6 41. h5 Kb3 42. hxg6 hxg6 43. Kf6 Kxb2 44. Kxf7 e5 45. Kxg6 e4
46. Kf5 e3 47. g6 e2 48. g7 e1=Q 49. g8=Q Qf2+ 50. Kg6 Qc2+ 51. Kg7 Qc3+ 52.
Kf7 Qc4+ 1/2-1/2

[Event "24. European Club Cup 2008 Femenino"]
[Site "Kallithea GRE"]
[Date "2008.10.20"]
[Round "4.9"]
[White "Grapsa, Georgia"]
[Black "Genzling, Sylvie"]
[Result "1/2-1/2"]
[WhiteElo "2121"]
[BlackElo "1936"]
[PlyCount "87"]
[EventDate "2008.10.17"]
[EventType "team-tourn"]
[EventRounds "7"]
[EventCountry "GRE"]
[Source "lmi"]
[SourceDate "2008.10.17"]
[WhiteTeam "Galaxias"]
[BlackTeam "Bischwiller"]

1. d4 d5 2. Nf3 e6 3. g3 Nf6 4. Bg2 Be7 5. O-O O-O 6. c4 c5 7. cxd5 exd5 8. Nc3
c4 9. Ne5 Be6 10. b3 Bb4 11. Bd2 Bxc3 12. Bxc3 cxb3 13. Qxb3 Nbd7 14. Qxb7 Nb6
15. Nc6 Qd7 16. Qxd7 Bxd7 17. Na5 Bb5 18. Rfe1 Rfc8 19. Bb4 Rc2 20. Bf3 Rac8
21. Bc5 Nc4 22. a4 Ba6 23. Nxc4 Bxc4 24. Bxa7 Ra8 25. Bc5 g6 26. a5 Ra6 27.
Reb1 Ne4 28. Rb6 f5 29. Rab1 Nxc5 30. dxc5 Rxa5 31. c6 Rc5 32. Rb8+ Kg7 33.
R1b7+ Kh6 34. h4 g5 35. Rh8 g4 36. Rhxh7+ Kg6 37. h5+ Kf6 38. Rbf7+ Ke5 39. Bg2
Rxc6 40. Re7+ Kf6 41. Rh6+ Kxe7 42. Rxc6 Rxe2 43. h6 Kf7 44. Rd6 1/2-1/2

[Event "24. European Club Cup 2008 Femenino"]
[Site "Kallithea GRE"]
[Date "2008.10.20"]
[Round "4.9"]
[White "Haritopoulou, Maria-Anna"]
[Black "Fischer, Julie"]
[Result "0-1"]
[WhiteElo "1688"]
[BlackElo "1664"]
[PlyCount "76"]
[EventDate "2008.10.17"]
[EventType "team-tourn"]
[EventRounds "7"]
[EventCountry "GRE"]
[Source "lmi"]
[SourceDate "2008.10.17"]
[WhiteTeam "Galaxias"]
[BlackTeam "Bischwiller"]

1. d4 Nf6 2. c4 g6 3. Nc3 Bg7 4. e4 d6 5. Nge2 O-O 6. Ng3 c5 7. d5 e6 8. Be2
Nbd7 9. dxe6 Ne5 10. exf7+ Nxf7 11. O-O h5 12. Re1 h4 13. Nf1 h3 14. g3 Qe7 15.
f3 Be6 16. Ne3 Ne5 17. Ned5 Qf7 18. f4 Nfd7 19. Be3 Nc6 20. Bg4 Rad8 21. Rb1 a6
22. Rf1 Na5 23. Be2 Nc6 24. Bg4 Na5 25. f5 gxf5 26. exf5 Bxd5 27. cxd5 Nc4 28.
Bg5 Nxb2 29. Rxb2 Bxc3 30. Rxb7 Rb8 31. Rb3 Bd4+ 32. Kh1 Qh7 33. Bf4 Be5 34.
Bxe5 Nxe5 35. f6 Rxb3 36. axb3 Qe4+ 37. Bf3 Nxf3 38. Rxf3 Rxf6 0-1

[Event "24. European Club Cup 2008 Femenino"]
[Site "Kallithea GRE"]
[Date "2008.10.21"]
[Round "5.1"]
[White "Atalik, Ekaterina"]
[Black "Zhao, Xue"]
[Result "1/2-1/2"]
[WhiteElo "2432"]
[BlackElo "2518"]
[PlyCount "128"]
[EventDate "2008.10.17"]
[EventType "team-tourn"]
[EventRounds "7"]
[EventCountry "GRE"]
[Source "lmi"]
[SourceDate "2008.10.17"]
[WhiteTeam "Epam"]
[BlackTeam "Vidnoe"]

1. d4 Nf6 2. c4 e6 3. Nf3 b6 4. g3 Ba6 5. Qc2 Bb4+ 6. Bd2 Be7 7. e4 d5 8. cxd5
Bxf1 9. Kxf1 exd5 10. e5 Ne4 11. Nc3 Nxc3 12. bxc3 Qd7 13. Kg2 Nc6 14. c4 Nd8
15. Be3 c6 16. a4 Ne6 17. Rhc1 O-O 18. cxd5 cxd5 19. Qb3 Rfc8 20. Ne1 f5 21.
Nd3 g5 22. Qb5 Qxb5 23. axb5 Rc7 24. h3 Kf7 25. Rxc7 Nxc7 26. Rc1 Nxb5 27. h4
gxh4 28. gxh4 a5 29. Nf4 a4 30. Nxd5 a3 31. Nxb6 Ra6 32. d5 a2 33. Ra1 Bb4 34.
d6 Ke6 35. d7 Be7 36. Nc4 Kxd7 37. Nd2 Bb4 38. Nb3 Bc3 39. Nc5+ Ke8 40. Nxa6
Bxa1 41. Nb4 Nc3 42. Bc1 Nd5 43. Nxa2 Bxe5 44. Bd2 Kf7 45. Nb4 Nxb4 46. Bxb4
Bf6 47. Kh3 Kg6 48. f3 Kh5 49. Be1 Bd4 50. Bd2 h6 51. Bf4 Bf2 52. Bd2 Kg6 53.
Bf4 Be1 54. Be3 h5 55. Bg5 Kf7 56. Kg2 Bc3 57. Kf2 Bf6 58. Bxf6 Kxf6 59. f4 Ke7
60. Ke3 Ke6 61. Kd4 Kd6 62. Kc4 Kc6 63. Kd4 Kd6 64. Kc4 Kc6 1/2-1/2

[Event "24. European Club Cup 2008 Femenino"]
[Site "Kallithea GRE"]
[Date "2008.10.21"]
[Round "5.1"]
[White "Kosintseva, Tatiana"]
[Black "Matveeva, Svetlana"]
[Result "0-1"]
[WhiteElo "2513"]
[BlackElo "2411"]
[PlyCount "126"]
[EventDate "2008.10.17"]
[EventType "team-tourn"]
[EventRounds "7"]
[EventCountry "GRE"]
[Source "lmi"]
[SourceDate "2008.10.17"]
[WhiteTeam "Vidnoe"]
[BlackTeam "Epam"]

1. e4 e6 2. d4 d5 3. Nc3 Nf6 4. e5 Nfd7 5. f4 c5 6. Nf3 Nc6 7. Be3 a6 8. Qd2 b5
9. a3 g5 10. fxg5 cxd4 11. Nxd4 Ncxe5 12. Bd3 Bg7 13. O-O O-O 14. Nce2 Nb6 15.
Ng3 Nbc4 16. Bxc4 Nxc4 17. Qf2 Qb6 18. Ndf5 Nxe3 19. Nxe3 f5 20. gxf6 Rxf6 21.
Qe2 Ra7 22. Nh5 Rxf1+ 23. Rxf1 d4 24. Nxg7 Rxg7 25. Qf3 Qc5 26. Ng4 h5 27. Nf6+
Kh8 28. Nxh5 d3+ 29. Kh1 dxc2 30. Nf6 Qf5 31. Qxf5 exf5 32. Rc1 Re7 33. Nd5 Re2
34. Nc3 Rd2 35. Kg1 Bb7 36. Kf1 f4 37. Ke1 Rxg2 38. Ne2 f3 39. Rxc2 fxe2 40.
Rxe2 Rg7 41. Kd2 Rc7 42. Re1 Kg7 43. Rc1 Rxc1 44. Kxc1 a5 45. Kc2 Bd5 46. Kc3
a4 47. Kc2 Ba2 48. Kd3 Kg6 49. Ke3 Kg5 50. Kd3 Kh4 51. Kc2 Kh3 52. Kc1 Kxh2 53.
Kd2 Kg2 54. Ke2 Bb1 55. Kd2 Kf2 56. Kc3 Ba2 57. Kd2 Kf3 58. Kd3 Bb3 59. Kd2 Ke4
60. Kc1 Ba2 61. Kc2 Kd4 62. Kd2 Bb1 63. Kc1 Bf5 0-1

[Event "24. European Club Cup 2008 Femenino"]
[Site "Kallithea GRE"]
[Date "2008.10.21"]
[Round "5.2"]
[White "Cherenkova, Kristina"]
[Black "Cramling, Pia"]
[Result "1-0"]
[WhiteElo "2245"]
[BlackElo "2550"]
[PlyCount "95"]
[EventDate "2008.10.17"]
[EventType "team-tourn"]
[EventRounds "7"]
[EventCountry "GRE"]
[Source "lmi"]
[SourceDate "2008.10.17"]
[WhiteTeam "Aspropirgos"]
[BlackTeam "CEMC"]

1. e4 c5 2. c3 Nf6 3. e5 Nd5 4. Nf3 Nc6 5. d4 cxd4 6. cxd4 d6 7. Bc4 Nb6 8. Bb5
d5 9. O-O Bg4 10. a4 a5 11. b3 e6 12. Qd3 Be7 13. Ba3 Nd7 14. Bxe7 Qxe7 15.
Nbd2 O-O 16. Rfc1 Rfc8 17. Bxc6 bxc6 18. Rc3 Nb8 19. Qe3 Na6 20. Rac1 Qb7 21.
Ne1 Bf5 22. Qf4 h6 23. h4 Rc7 24. h5 c5 25. g4 Bh7 26. g5 cxd4 27. Rxc7 Nxc7
28. gxh6 Ne8 29. hxg7 Rc8 30. Rxc8 Qxc8 31. Ndf3 Nxg7 32. Qg5 Kh8 33. h6 Nf5
34. Qf6+ Kg8 35. Nxd4 Qf8 36. Nxf5 Bxf5 37. Nf3 Bg6 38. Qh4 Qc8 39. Kh2 Qc2 40.
Kg3 Kh7 41. Qf6 Kxh6 42. Qh8+ Bh7 43. Qf8+ Kg6 44. Nh4+ Kh5 45. Qxf7+ Bg6 46.
Qxe6 Qxb3+ 47. f3 Bc2 48. Ng2 1-0

[Event "24. European Club Cup 2008 Femenino"]
[Site "Kallithea GRE"]
[Date "2008.10.21"]
[Round "5.2"]
[White "Dzagnidze, Nana"]
[Black "Fakhretdinova, Margarita"]
[Result "1-0"]
[WhiteElo "2503"]
[BlackElo "2147"]
[PlyCount "71"]
[EventDate "2008.10.17"]
[EventType "team-tourn"]
[EventRounds "7"]
[EventCountry "GRE"]
[Source "lmi"]
[SourceDate "2008.10.17"]
[WhiteTeam "CEMC"]
[BlackTeam "Aspropirgos"]

1. d4 d5 2. c4 e6 3. Nc3 Nf6 4. cxd5 exd5 5. Bg5 Be7 6. e3 O-O 7. Bd3 Nbd7 8.
Nge2 c6 9. Qc2 Re8 10. O-O Ne4 11. Bxe4 dxe4 12. Bf4 f5 13. Nd5 Bd6 14. Qb3 Kh8
15. Bxd6 cxd5 16. Rac1 Qb6 17. Qa3 a5 18. Nf4 Ra6 19. Bc7 Qb5 20. Qb3 Qxb3 21.
axb3 Nf6 22. Be5 Be6 23. Rc7 Rb6 24. Ra1 Rxb3 25. Bxf6 gxf6 26. Rxa5 Rxb2 27.
h4 b6 28. Raa7 Bg8 29. h5 Rb4 30. Nxd5 Rb1+ 31. Kh2 Rf8 32. Ne7 Rf7 33. Ra8 Rg7
34. h6 Rg5 35. Nxg8 Rxg8 36. Rcc8 1-0

[Event "24. European Club Cup 2008 Femenino"]
[Site "Kallithea GRE"]
[Date "2008.10.21"]
[Round "5.2"]
[White "Iordanidou, Zoi"]
[Black "Skripchenko, Almira"]
[Result "0-1"]
[WhiteElo "2110"]
[BlackElo "2455"]
[PlyCount "64"]
[EventDate "2008.10.17"]
[EventType "team-tourn"]
[EventRounds "7"]
[EventCountry "GRE"]
[Source "lmi"]
[SourceDate "2008.10.17"]
[WhiteTeam "Aspropirgos"]
[BlackTeam "CEMC"]

1. e4 c5 2. Nf3 Nc6 3. d3 g6 4. g3 Bg7 5. Bg2 d6 6. O-O e5 7. c3 Nge7 8. a3 O-O
9. b4 h6 10. b5 Na5 11. c4 f5 12. Bd2 Be6 13. Qa4 b6 14. Bxa5 bxa5 15. Nc3 Nc8
16. Nd5 h5 17. h4 f4 18. Ng5 Bg4 19. f3 Bd7 20. Bh3 Bxh3 21. Nxh3 fxg3 22. Ng5
Bh6 23. f4 exf4 24. Nxf4 Bxg5 25. Ne6 Be3+ 26. Kg2 Nb6 27. Rxf8+ Qxf8 28. Nxf8
Nxa4 29. Nxg6 Kf7 30. Nf4 Bxf4 31. Rf1 Ke7 32. Rxf4 Rh8 0-1

[Event "24. European Club Cup 2008 Femenino"]
[Site "Kallithea GRE"]
[Date "2008.10.21"]
[Round "5.3"]
[White "Danielian, Elina"]
[Black "Harika, Dronavalli"]
[Result "0-1"]
[WhiteElo "2513"]
[BlackElo "2462"]
[PlyCount "132"]
[EventDate "2008.10.17"]
[EventType "team-tourn"]
[EventRounds "7"]
[EventCountry "GRE"]
[Source "lmi"]
[SourceDate "2008.10.17"]
[WhiteTeam "MIKA"]
[BlackTeam "Saratov"]

1. d4 Nf6 2. Nf3 g6 3. c4 Bg7 4. g3 d5 5. cxd5 Nxd5 6. Bg2 Nb6 7. O-O Nc6 8. e3
e5 9. Nc3 Bg4 10. d5 e4 11. dxc6 Qxd1 12. Rxd1 Bxf3 13. Bxf3 exf3 14. Nb5 O-O
15. cxb7 Rab8 16. Nxa7 c5 17. Nc6 Rxb7 18. Bd2 Nc4 19. Na5 Nxa5 20. Bxa5 Bxb2
21. Rab1 Rfb8 22. h3 c4 23. Rd2 Bf6 24. Rc1 c3 25. Bxc3 Rc7 26. Bxf6 Rxc1+ 27.
Kh2 Rc6 28. Be5 Re8 29. Bd4 h5 30. a4 Rec8 31. g4 h4 32. a5 Rc2 33. Rxc2 Rxc2
34. Kg1 Rc1+ 35. Kh2 Rc6 36. e4 f6 37. g5 f5 38. exf5 gxf5 39. Be3 Kf7 40. Kg1
Rd6 41. Kh2 Kg6 42. Bc5 Rd5 43. Bb6 Rb5 44. Bd8 Rb2 45. Kg1 Ra2 46. Bb6 Kxg5
47. Bd8+ Kh5 48. Bb6 Kg6 49. Bd8 f4 50. Bb6 Kf5 51. Bd8 Ke4 52. Bc7 Kd3 53. Bb6
Ke2 54. Kh1 Kf1 55. Kh2 Ra4 56. Kh1 Ra3 57. Kh2 Ra2 58. Kh1 Rxf2 59. Bxf2 Kxf2
60. a6 Ke2 61. a7 f2 62. a8=Q f1=Q+ 63. Kh2 Qf2+ 64. Kh1 Qf3+ 65. Qxf3+ Kxf3
66. Kh2 Ke2 0-1

[Event "24. European Club Cup 2008 Femenino"]
[Site "Kallithea GRE"]
[Date "2008.10.21"]
[Round "5.3"]
[White "Paehtz, Elisabeth"]
[Black "Lahno, Kateryna"]
[Result "1/2-1/2"]
[WhiteElo "2471"]
[BlackElo "2488"]
[PlyCount "25"]
[EventDate "2008.10.17"]
[EventType "team-tourn"]
[EventRounds "7"]
[EventCountry "GRE"]
[Source "lmi"]
[SourceDate "2008.10.17"]
[WhiteTeam "Saratov"]
[BlackTeam "MIKA"]

1. e4 e5 2. Nf3 Nc6 3. Nc3 Nf6 4. d4 exd4 5. Nxd4 Bb4 6. Nxc6 bxc6 7. Bd3 d5 8.
exd5 cxd5 9. O-O O-O 10. Bg5 c6 11. Qf3 Be7 12. h3 h6 13. Bf4 1/2-1/2

[Event "24. European Club Cup 2008 Femenino"]
[Site "Kallithea GRE"]
[Date "2008.10.21"]
[Round "5.3"]
[White "Khurtsidze, Nino"]
[Black "Kovanova, Baira"]
[Result "1/2-1/2"]
[WhiteElo "2417"]
[BlackElo "2379"]
[PlyCount "64"]
[EventDate "2008.10.17"]
[EventType "team-tourn"]
[EventRounds "7"]
[EventCountry "GRE"]
[Source "lmi"]
[SourceDate "2008.10.17"]
[WhiteTeam "MIKA"]
[BlackTeam "Saratov"]

1. c4 Nf6 2. d4 e6 3. Nf3 b6 4. e3 Bb7 5. Bd3 d5 6. O-O Bd6 7. Nc3 a6 8. Qc2
O-O 9. b3 Nbd7 10. Bb2 dxc4 11. bxc4 Bxf3 12. gxf3 c5 13. d5 exd5 14. cxd5 b5
15. Bf5 Re8 16. Ne4 Nxe4 17. fxe4 Ne5 18. f4 Nc4 19. e5 Nxe3 20. Bxh7+ Kf8 21.
Qc3 Bxe5 22. Qxc5+ Bd6 23. Qd4 Qf6 24. Qxf6 gxf6 25. Rfe1 Kg7 26. Bd3 Bxf4 27.
Kh1 Nxd5 28. Be4 Rad8 29. Rad1 Ne3 30. Rg1+ Kh6 31. Rxd8 Rxd8 32. Bc3 Rd1
1/2-1/2

[Event "24. European Club Cup 2008 Femenino"]
[Site "Kallithea GRE"]
[Date "2008.10.21"]
[Round "5.4"]
[White "Chelushkina, Irina"]
[Black "Muzychuk, Anna"]
[Result "0-1"]
[WhiteElo "2360"]
[BlackElo "2508"]
[PlyCount "126"]
[EventDate "2008.10.17"]
[EventType "team-tourn"]
[EventRounds "7"]
[EventCountry "GRE"]
[Source "lmi"]
[SourceDate "2008.10.17"]
[WhiteTeam "Rudovci"]
[BlackTeam "Podgorica"]

1. e4 e5 2. Nf3 Nc6 3. Bc4 Nf6 4. d3 Bc5 5. c3 d6 6. h3 O-O 7. a4 a5 8. O-O Bb6
9. Na3 Ne7 10. Bb3 c6 11. Nc4 Bc7 12. Bg5 Ng6 13. Nh4 Nf4 14. Nf3 Be6 15. d4
Ng6 16. Ncd2 h6 17. Be3 d5 18. Nxe5 Nxe5 19. dxe5 Bxe5 20. Bc5 Bd6 21. Bd4 Bf4
22. exd5 Nxd5 23. Nf3 Qd6 24. Re1 Rad8 25. c4 Nb4 26. Bb6 Qxd1 27. Raxd1 Rd3
28. Nd4 Rxd1 29. Rxd1 Be5 30. Nxe6 fxe6 31. Rd2 Rc8 32. c5 Nd5 33. Bxa5 Kf7 34.
Bxd5 exd5 35. Bb6 Ra8 36. a5 Bf6 37. Kf1 Re8 38. g4 Re4 39. b3 Rb4 40. Rd3 Ke6
41. Ke2 Re4+ 42. Kd1 Bh4 43. Rf3 Bf6 44. Kd2 Bg5+ 45. Kd3 Bf4 46. h4 Rb4 47.
Kc3 Re4 48. Kc2 Re2+ 49. Kd3 Re4 50. g5 h5 51. Rh3 Kf5 52. Rh1 Be5 53. f3 Rf4
54. Rh3 g6 55. Bd8 Rb4 56. Kc2 Rb5 57. Bb6 Bd4 58. Rh2 Bxc5 59. Bc7 Be3 60. Re2
d4 61. f4 Rc5+ 62. Kb2 Ke4 63. b4 Rc4 0-1

[Event "24. European Club Cup 2008 Femenino"]
[Site "Kallithea GRE"]
[Date "2008.10.21"]
[Round "5.4"]
[White "Maric, Alisa"]
[Black "Foisor, Cristina Adela"]
[Result "1/2-1/2"]
[WhiteElo "2405"]
[BlackElo "2365"]
[PlyCount "57"]
[EventDate "2008.10.17"]
[EventType "team-tourn"]
[EventRounds "7"]
[EventCountry "GRE"]
[Source "lmi"]
[SourceDate "2008.10.17"]
[WhiteTeam "Podgorica"]
[BlackTeam "Rudovci"]

1. Nf3 d5 2. d4 Nf6 3. c4 c6 4. e3 a6 5. Qc2 g6 6. Bd3 Bg7 7. O-O O-O 8. b3 Bg4
9. Ne5 Be6 10. Nd2 Nbd7 11. Nef3 Bg4 12. Bb2 c5 13. h3 Bxf3 14. Nxf3 Rc8 15.
Qe2 cxd4 16. exd4 dxc4 17. bxc4 Nh5 18. g3 Re8 19. Rfd1 Qa5 20. Qd2 Qxd2 21.
Rxd2 e5 22. dxe5 Nxe5 23. Nxe5 Bxe5 24. Bxe5 Rxe5 25. Rb2 Rc7 26. Rab1 Ree7 27.
Be2 Nf6 28. Bf3 Ne4 29. Bxe4 1/2-1/2

[Event "24. European Club Cup 2008 Femenino"]
[Site "Kallithea GRE"]
[Date "2008.10.21"]
[Round "5.4"]
[White "Olarasu, Gabriela"]
[Black "Gaponenko, Inna"]
[Result "0-1"]
[WhiteElo "2297"]
[BlackElo "2473"]
[PlyCount "58"]
[EventDate "2008.10.17"]
[EventType "team-tourn"]
[EventRounds "7"]
[EventCountry "GRE"]
[Source "lmi"]
[SourceDate "2008.10.17"]
[WhiteTeam "Rudovci"]
[BlackTeam "Podgorica"]

1. d4 Nf6 2. c4 e6 3. Nc3 Bb4 4. Qc2 d5 5. cxd5 exd5 6. Bg5 c5 7. Nf3 h6 8. Bd2
Nc6 9. e3 O-O 10. dxc5 Bxc5 11. Nb5 Qe7 12. Bc3 Ne4 13. Nbd4 Bg4 14. Nxc6 bxc6
15. Bd3 Nxc3 16. bxc3 Rfe8 17. Be2 f5 18. Nd4 Bxd4 19. cxd4 Bxe2 20. Kxe2 f4
21. Qxc6 fxe3 22. Qxd5+ Kh7 23. f4 Qb4 24. Rhf1 Rad8 25. Qb3 Qd2+ 26. Kf3 e2
27. Rfe1 Rxd4 28. Kf2 Rxf4+ 29. Kg1 Qd4+ 0-1

[Event "24. European Club Cup 2008 Femenino"]
[Site "Kallithea GRE"]
[Date "2008.10.21"]
[Round "5.4"]
[White "Kovalevskaya, Ekaterina"]
[Black "Zivkovic, Vesna"]
[Result "1-0"]
[WhiteElo "2439"]
[BlackElo "2122"]
[PlyCount "75"]
[EventDate "2008.10.17"]
[EventType "team-tourn"]
[EventRounds "7"]
[EventCountry "GRE"]
[Source "lmi"]
[SourceDate "2008.10.17"]
[WhiteTeam "Podgorica"]
[BlackTeam "Rudovci"]

1. e4 c5 2. Nf3 d6 3. c3 Nf6 4. h3 Nc6 5. Bd3 e5 6. Bc2 Be7 7. O-O O-O 8. d4
cxd4 9. cxd4 Qc7 10. Nc3 a6 11. Be3 Na5 12. Qd2 h6 13. Rac1 b5 14. Bd3 Qb8 15.
b4 Nc6 16. a3 exd4 17. Nxd4 Ne5 18. Bb1 Qb7 19. Bf4 Bd7 20. Nd5 Bd8 21. Ba2 Rc8
22. Rxc8 Bxc8 23. Rc1 Bd7 24. Nxf6+ Bxf6 25. Bd5 Qb6 26. Nf3 Rc8 27. Rxc8+ Bxc8
28. Nxe5 dxe5 29. Qc2 Bxh3 30. Be3 Qd8 31. gxh3 Bg5 32. Qd2 Qf6 33. Bxg5 hxg5
34. Qe3 g6 35. Kg2 Kg7 36. Qf3 Qe7 37. Kg3 Qd7 38. Qxf7+ 1-0

[Event "24. European Club Cup 2008 Femenino"]
[Site "Kallithea GRE"]
[Date "2008.10.21"]
[Round "5.5"]
[White "Ciuksyte, Dagne"]
[Black "Pitam, Ella"]
[Result "1-0"]
[WhiteElo "2339"]
[BlackElo "2295"]
[PlyCount "97"]
[EventDate "2008.10.17"]
[EventType "team-tourn"]
[EventRounds "7"]
[EventCountry "GRE"]
[Source "lmi"]
[SourceDate "2008.10.17"]
[WhiteTeam "Panevezys"]
[BlackTeam "Haifa"]

1. e4 e6 2. d4 d5 3. Nd2 c5 4. Ngf3 cxd4 5. exd5 exd5 6. Bb5+ Nc6 7. Nb3 Bd6 8.
Qxd4 Nf6 9. O-O O-O 10. Bxc6 bxc6 11. Bf4 Bxf4 12. Qxf4 Qb6 13. Rfe1 a5 14. Qd4
Qc7 15. Ne5 Be6 16. Nc5 Rfe8 17. Re3 Rab8 18. Ned3 Bf5 19. Rae1 Rxe3 20. Rxe3
Bxd3 21. Nxd3 h6 22. b3 Rc8 23. Nc5 Qd6 24. g3 Rb8 25. Nd3 Rb7 26. Qc5 Qc7 27.
a4 Ne4 28. Qd4 Nf6 29. f3 Qd6 30. Qc5 Qc7 31. Kg2 Nd7 32. Re8+ Kh7 33. Qe7 Nf6
34. Qxc7 Rxc7 35. Ra8 c5 36. Ne5 Re7 37. f4 Ne4 38. Rxa5 f6 39. Nd3 c4 40. Nf2
Nd2 41. Rxd5 Re2 42. b4 c3 43. a5 Ne4 44. Kf3 Rxf2+ 45. Kxe4 Rxc2 46. Rc5 Rb2
47. b5 c2 48. b6 Kg6 49. Kd3 1-0

[Event "24. European Club Cup 2008 Femenino"]
[Site "Kallithea GRE"]
[Date "2008.10.21"]
[Round "5.5"]
[White "Igla, Bella"]
[Black "Daulyte, Deimante"]
[Result "1/2-1/2"]
[WhiteElo "2254"]
[BlackElo "2278"]
[PlyCount "62"]
[EventDate "2008.10.17"]
[EventType "team-tourn"]
[EventRounds "7"]
[EventCountry "GRE"]
[Source "lmi"]
[SourceDate "2008.10.17"]
[WhiteTeam "Haifa"]
[BlackTeam "Panevezys"]

1. d4 Nf6 2. c4 g6 3. Nc3 Bg7 4. e4 d6 5. f3 O-O 6. Be3 Nc6 7. Qd2 a6 8. Nge2
Rb8 9. Rc1 Bd7 10. Nd1 b5 11. c5 e6 12. Nf2 b4 13. g3 Ne7 14. Bg2 Bb5 15. Nd3
a5 16. O-O Nd7 17. cxd6 cxd6 18. b3 Qb6 19. Rfd1 Qa6 20. Bf1 Rbc8 21. Nb2 Rxc1
22. Rxc1 Rc8 23. Rxc8+ Qxc8 24. Qc1 Qxc1 25. Nxc1 Bxf1 26. Kxf1 Nc6 27. Ne2 Kf8
28. Ke1 Ke7 29. Kd2 f5 30. Kd3 fxe4+ 31. fxe4 Nf6 1/2-1/2

[Event "24. European Club Cup 2008 Femenino"]
[Site "Kallithea GRE"]
[Date "2008.10.21"]
[Round "5.6"]
[White "Vujic-Katanic, Branka"]
[Black "Klipper, Rebecca"]
[Result "0-1"]
[WhiteElo "2107"]
[BlackElo "2023"]
[PlyCount "82"]
[EventDate "2008.10.17"]
[EventType "team-tourn"]
[EventRounds "7"]
[EventCountry "GRE"]
[Source "lmi"]
[SourceDate "2008.10.17"]
[WhiteTeam "Rudar"]
[BlackTeam "Vandoeucre"]

1. Nf3 c5 2. c4 Nc6 3. Nc3 Nf6 4. d4 cxd4 5. Nxd4 g6 6. e4 d6 7. Be2 Nxd4 8.
Qxd4 Bg7 9. Bg5 O-O 10. Qd2 a5 11. O-O a4 12. Rab1 Qa5 13. f3 Be6 14. Nd5 Qxd2
15. Bxd2 Nxd5 16. cxd5 Bd4+ 17. Kh1 Bd7 18. Rfc1 Rfc8 19. Rxc8+ Rxc8 20. Bd3 f5
21. h3 fxe4 22. fxe4 b5 23. b3 a3 24. Rc1 Rxc1+ 25. Bxc1 b4 26. g4 Kf7 27. Kg2
Kf6 28. Kf3 g5 29. Bd2 Bc5 30. Bc4 h6 31. Ke2 Ke5 32. Kd3 Be8 33. h4 gxh4 34.
Be1 Bg6 35. Bxh4 Bxe4+ 36. Kd2 Kf4 37. Bxe7 Kxg4 38. Be2+ Bf3 39. Bxf3+ Kxf3
40. Kd3 h5 41. Bd8 Kg3 0-1

[Event "24. European Club Cup 2008 Femenino"]
[Site "Kallithea GRE"]
[Date "2008.10.21"]
[Round "5.6"]
[White "Weigel, Marie"]
[Black "Dragovic, Nada"]
[Result "0-1"]
[WhiteElo "1865"]
[BlackElo "2011"]
[PlyCount "96"]
[EventDate "2008.10.17"]
[EventType "team-tourn"]
[EventRounds "7"]
[EventCountry "GRE"]
[Source "lmi"]
[SourceDate "2008.10.17"]
[WhiteTeam "Vandoeucre"]
[BlackTeam "Rudar"]

1. d4 d6 2. e4 Nf6 3. Nc3 g6 4. Be3 Bg7 5. Qd2 O-O 6. Bh6 e5 7. Bxg7 Kxg7 8. d5
Nbd7 9. Bd3 Nc5 10. Nf3 Nh5 11. Ne2 Bg4 12. Qe3 Nxd3+ 13. Qxd3 f5 14. Nd2 fxe4
15. Nxe4 Bxe2 16. Qxe2 Nf4 17. Qg4 h5 18. Qg3 Nxd5 19. Qb3 Nb6 20. O-O-O Qh4
21. f3 Qf4+ 22. Kb1 Qf7 23. Qc3 Qc4 24. Qe3 Qb4 25. a3 Qa4 26. Nc3 Qc6 27. Rd3
Nc4 28. Qg5 Qb6 29. Nd1 Rae8 30. Ka2 Rf5 31. Qg3 e4 32. Rb3 Qc6 33. Re1 b6 34.
fxe4 Rxe4 35. Rxe4 Qxe4 36. Rb4 Qxc2 37. Qh4 Qxd1 38. Rxc4 Rf7 39. Qg3 Qd5 40.
Qc3+ Kh7 41. h4 Rf4 42. b3 Rxc4 43. Qxc4 Qxc4 44. bxc4 Kg7 45. Kb3 a5 46. Kc3
Kf6 47. Kd4 Ke6 48. a4 c6 0-1

[Event "24. European Club Cup 2008 Femenino"]
[Site "Kallithea GRE"]
[Date "2008.10.21"]
[Round "5.7"]
[White "Cmilyte, Viktorija"]
[Black "Botvinnik, Irina"]
[Result "1-0"]
[WhiteElo "2512"]
[BlackElo "2239"]
[PlyCount "71"]
[EventDate "2008.10.17"]
[EventType "team-tourn"]
[EventRounds "7"]
[EventCountry "GRE"]
[Source "lmi"]
[SourceDate "2008.10.17"]
[WhiteTeam "Finek"]
[BlackTeam "Herzliya"]

1. d4 d5 2. c4 dxc4 3. Nf3 Nf6 4. e3 e6 5. Bxc4 c5 6. O-O a6 7. Bb3 b5 8. a4 b4
9. e4 Bb7 10. e5 Nfd7 11. d5 exd5 12. Bxd5 Bxd5 13. Qxd5 Ra7 14. a5 Qe7 15. Bf4
Qe6 16. Qe4 Be7 17. Nbd2 O-O 18. Rfe1 Nc6 19. Nc4 h6 20. b3 Rd8 21. Qc2 Kf8 22.
Nd6 Kg8 23. Bg3 Qd5 24. Rad1 Nd4 25. Nxd4 cxd4 26. h3 Nf8 27. Qd2 Bxd6 28. exd6
Qxb3 29. Qxd4 Rb7 30. Rd3 Qa2 31. Bh4 f6 32. Bxf6 Rdd7 33. Rg3 Rf7 34. Be7 Ne6
35. Qd1 Qxf2+ 36. Kh2 1-0

[Event "24. European Club Cup 2008 Femenino"]
[Site "Kallithea GRE"]
[Date "2008.10.21"]
[Round "5.7"]
[White "Len, Irina"]
[Black "Zhukova, Natalia"]
[Result "0-1"]
[WhiteElo "2091"]
[BlackElo "2488"]
[PlyCount "60"]
[EventDate "2008.10.17"]
[EventType "team-tourn"]
[EventRounds "7"]
[EventCountry "GRE"]
[Source "lmi"]
[SourceDate "2008.10.17"]
[WhiteTeam "Herzliya"]
[BlackTeam "Finek"]

1. d4 Nf6 2. c4 e6 3. Nf3 c5 4. d5 b5 5. dxe6 fxe6 6. cxb5 d5 7. a4 Bd6 8. g3
a6 9. bxa6 O-O 10. Bg2 Nc6 11. O-O Bxa6 12. Nc3 Qd7 13. Ng5 h6 14. Nh3 d4 15.
Ne4 Nxe4 16. Bxe4 e5 17. Kg2 Rab8 18. f3 Ne7 19. Qc2 Qe6 20. Nf2 Nd5 21. Re1 c4
22. Rd1 Rb3 23. Bxd5 Qxd5 24. Bxh6 Rbxf3 25. exf3 Qxf3+ 26. Kg1 d3 27. Nxd3
cxd3 28. Rf1 Qxf1+ 29. Rxf1 Rxf1+ 30. Kxf1 dxc2+ 0-1